Âm dương đối lịch 2003 - 2010
Sparad:
| Huvudupphovsman: | |
|---|---|
| Materialtyp: | Bok |
| Språk: | Undetermined |
| Publicerad: |
Hà Nội
Văn hóa dân tộc
2002
|
| Ämnen: | |
| Taggar: |
Lägg till en tagg
Inga taggar, Lägg till första taggen!
|
| Thư viện lưu trữ: | Trung tâm Học liệu Trường Đại học Cần Thơ |
|---|
| LEADER | 00553nam a2200193Ia 4500 | ||
|---|---|---|---|
| 001 | CTU_60274 | ||
| 008 | 210402s9999 xx 000 0 und d | ||
| 020 | |b 50000 | ||
| 082 | |a 529.32951 | ||
| 082 | |b Qu102 | ||
| 100 | |a Nghiêm, Minh Quách | ||
| 245 | 0 | |a Âm dương đối lịch 2003 - 2010 | |
| 245 | 0 | |c Nghiêm Minh Quách | |
| 260 | |a Hà Nội | ||
| 260 | |b Văn hóa dân tộc | ||
| 260 | |c 2002 | ||
| 650 | |a Calendars,Chinese calendar | ||
| 904 | |i Minh, Năm | ||
| 980 | |a Trung tâm Học liệu Trường Đại học Cần Thơ | ||